| 000 | 00487nam a22001697i 4500 | ||
|---|---|---|---|
| 999 |
_c22851 _d22851 |
||
| 003 | AR-CdUCM | ||
| 008 | 240502b20192019pe || |||| 00| 0 spa d | ||
| 040 |
_aMUNICIPALIDAD PROVINCIAL DEL CUSCO _cBIBLIOTECA MUNICIPAL DEL CUSCO |
||
| 041 | _hspa | ||
| 082 |
_a869.56 / M585T _bM585T |
||
| 100 |
_aMilmayet, Jacobo _949251 |
||
| 245 | _aTrasmigración / | ||
| 260 |
_aLima : _bSan Marcos, _c2019 |
||
| 300 |
_a75 pƔginas. : _c20 cm. |
||
| 942 |
_2ddc _cLIBROS |
||
| 945 |
_apbj _d02/05/2024 |
||